Countries with least letters A-Z - Statistics

General Stats
  • This quiz has been taken 38 times
  • The average score is 23 of 24
Answer Stats
Hint Answer % Correct
I Iran
100%
O Oman
100%
Q Qatar
100%
R Russia
100%
Y Yemen
100%
D Denmark
97%
F Fiji
97%
H Haiti
97%
J Japan
97%
N Nepal
97%
Z Zambia
97%
B Benin
94%
C Chad
94%
K Kenya
94%
L Laos
94%
M Mali
94%
S Spain
94%
G Gabon
91%
P Peru
91%
T Togo
91%
V Vietnam
91%
E Egypt
89%
U Uganda
89%
A Angola
71%
No matching quizzes found
Score Distribution
Percent of People with Each Score
Percentile by Number Answered
Your Score History
You have not taken this quiz